000 00375nam a2200109Ia 4500
008 160531s9999 xx 000 0 und d
100 _aMohammed, Amanullah.
245 _aMedical Biochemistry and Biotechnology
245 _cby Amanullah Mohammed
260 _c2011
856 _uhttp://uploads.worldlibrary.net/uploads/pdf/20160309151630full_medical_biochemistry_amanullah.pdf
999 _c295497
_d295497